Bien común
Guardat en:
| Autor principal: | |
|---|---|
| Format: | Llibre |
| Idioma: | espanyol |
| Publicat: |
Santiago
Asterión
1995
|
| Matèries: | |
| Etiquetes: |
Afegir etiqueta
Sense etiquetes, Sigues el primer a etiquetar aquest registre!
|
MARC
| LEADER | 00000nam a2200000 a 4500 | ||
|---|---|---|---|
| 001 | UCY8108 | ||
| 003 | CL-VaPUC | ||
| 008 | 950623e19950100CL |||||||||||||||||spa|d | ||
| 082 | 0 | 4 | |a Ch861 |b MON |2 21 |
| 100 | |a Montealegre, Jorge |e autor |9 339231 | ||
| 245 | 1 | 0 | |a Bien común |
| 300 | |a 91 p | ||
| 942 | |c BK | ||
| 945 | |d 19950623 00:00:00 |a cmena | ||
| 260 | |a Santiago |b Asterión |c 1995 | ||
| 650 | 0 | |a Poesía |9 265825 | |
| 650 | 0 | |a Formas y géneros literarios |9 324031 | |
| 650 | 0 | |a Literatura contemporánea |9 321959 | |
| 650 | 0 | |a Poesía chilena |9 268403 | |
| 583 | |a last modification |c 19950623 00:00:00 |k Rodrigo Vera | ||
| 999 | |c 235386 |d 235384 | ||
| 952 | |0 0 |1 0 |4 0 |6 CH_861_000000000000000_MON_1995 |7 0 |8 A |9 242770 |a BIBEDU |b BIBEDU |d 2019-11-18 |i 1522647 |o Ch861 MON 1995 |p 1522647 |r 2019-11-18 |w 2019-11-18 |y BK |k EDU | ||